00680nam a2200217Ia 4500008004100000020001900041040001800060041000800078100003200086245009400118250001100212260004300223300004100266500002900307650002300336650001900359650002800378650001400406700002100420700002100441130821s2012 mx ae gr spa  a97786070500015 aCo-BoUCMbspa00aspa1 aSchjetnan Garduño, Mario.10aPrincipios de diseño urbano/ambientalcMario Schjetnan, Jorge Calvillo y Manuel Peniche a2a ed. aMéxico D.F. (México)bLimusac2012 a185 páginasbilustraciones, planos aGlosario : página 157.04aCiudades y pueblos04aEspacio urbano04aRehabilitación urbana04aUrbanismo1 aCalvillo, Jorge.1 aPeniche, Manuel.